000 00253nam a2200109 a 4500
005 20140414131957.0
008 110209s19uu xx 00 eng d
050 _aTR 551.56
_bB32 2006
100 _aBauer, Jeff
245 _aLightning!.
999 _c112950
_d112950